Lạc Dương tình truyện

Zapisane w:
Opis bibliograficzny
1. autor: ĐINH LỆNH VŨ
Format: Książka
Język:Undetermined
Wydane: Văn nghệ Tp HCM 2002
Etykiety: Dodaj etykietę
Nie ma etykietki, Dołącz pierwszą etykiete!
Thư viện lưu trữ: Trung tâm Học liệu Trường Đại học Cần Thơ
LEADER 00440nam a2200145Ia 4500
001 CTU_48692
008 210402s9999 xx 000 0 und d
082 |a 895.13 
082 |b V500 
100 |a ĐINH LỆNH VŨ 
245 0 |a Lạc Dương tình truyện 
245 0 |c ĐINH LỆNH VŨ, Tùng Giang, Đỗ Hoàng 
260 |b Văn nghệ Tp HCM 
260 |c 2002 
980 |a Trung tâm Học liệu Trường Đại học Cần Thơ